Les Ballons d'Or ayant joué en Ligue 1 - Mort Subite - Statistiques

Statistiques générales
  • Ce quiz a été pris 595 fois
  • Le résultat moyen est 7 sur 8
Answers on the Grid
Answers color-coded by a green-red scale on the quiz's grid according to % correct below.
Stanley Matthews
Alfredo Di Stefano
Raymond Kopa
Luis Suarez
Omar Sivori
Josef Masopust
Lev Yachine
Denis Law
Eusébio
Bobby Charlton
Florian Albert
George Best
Gianni Rivera
Gerd Müller
Johan Cruyff
Franz Beckenbauer
Oleg Blockhine
Allan Simonsen
Kevin Keegan
Karl-Heinz Rummenigge
Paolo Rossi
Michel Platini
Igor Belanov
Ruud Gullit
Marco Van Basten
Lothar Matthäus
Jean-Pierre Papin
Roberto Baggio
Hristo Stoitchkov
George Weah
Matthias Sammer
Ronaldo
Zinédine Zidane
Rivaldo
Luis Figo
Michael Owen
Pavel Nedved
Andriy Shevchenko
Ronaldinho
Fabio Cannavaro
Kaka
Cristiano Ronaldo
Lionel Messi
Luka Modric
Karim Benzema
Rodri
 
Statistiques - réponses
Réponse % Correct
Karim Benzema
89%
Zinédine Zidane
89%
Lionel Messi
87%
Raymond Kopa
84%
Jean-Pierre Papin
83%
Michel Platini
82%
Ronaldinho
82%
George Weah
78%
Aucun quiz correspondant
Distribution des résultats
% des personnes avec chaque résultat
Percentile par nombre de réponses
Votre historique - résultats
Vous n’avez pas pris ce quiz